000 00572nam a2200253Ia 4500
005 20260121153900.0
008 008 260114s9999 xx 000 0 eng d
020 _a9781315134468
037 _aEBOOK
040 _aCRL
040 _beng
040 _cCRL
041 _2eng
041 _aeng
084 _qCRL
100 _aS. A. Barnett
_91000313
245 4 _aThe Rat
260 _bTaylor and Francis
260 _c1963
856 _uhttp://www.taylorfrancis.com/books/9781315134468
942 _cEBOOK
999 _c1567134
_d1567134